[Event "LAT-ch (Women)"]
[Site "Riga"]
[Date "2018.05.01"]
[Round "2"]
[White "Lele, Emili"]
[Black "Dombrovska, Stefanija"]
[Result "0-1"]
[WhiteElo "1241"]
[BlackElo "1632"]
[PlyCount "122"]
[EventDate "2018.04.30"]
[EventType "swiss"]
[EventRounds "7"]
[EventCountry "LAT"]
[SourceTitle "CBM 184 Extra"]
[Source "ChessBase"]
[SourceDate "2018.06.28"]
[SourceVersion "1"]
[SourceVersionDate "2018.06.28"]
[SourceQuality "1"]

1. e4 e5 2. Nf3 Nc6 3. d4 exd4 4. Nxd4 Qf6 5. Nxc6 Qxc6 6. Bd3 Nf6 7. Qf3 d6 8. h3 Be6 9. Nc3 a6 10. 0-0 Be7 11. Re1 0-0-0 12. Bg5 h6 13. Bh4 g5 14. Bg3 g4 15. hxg4 Bxg4 16. Qf4 Be6 17. Be2 Nd7 18. Bh4 Bxh4 19. Qxh4 Rdg8 20. f4 f5 21. Bf3 Qb6+ 22. Qf2 Qxb2 23. exf5 Bxf5 24. Nd5 Kb8 25. Ne7 Qxc2 26. Qxc2 Bxc2 27. Nxg8 Rxg8 28. Re2 Bf5 29. Kh2 Nc5 30. g3 c6 31. Rae1 Kc7 32. Re8 Rg6 33. Bh5 Rf6 34. g4 Bd7 35. R1e7 Rxf4 36. Kg3 Ra4 37. Rh8 Kb6 38. Rxh6 d5 39. g5 Ne4+ 40. Kg2 Rxa2+ 41. Kf3 Nxg5+ 42. Ke3 Ra3+ 43. Ke2 Bf5 44. Re5 Bd3+ 45. Kd2 Ne4+ 46. Ke1 Ra1+ 47. Bd1 Bc2 48. Rxe4 Rxd1+ 49. Ke2 dxe4 50. Re6 Rd5 51. Ke1 Kc5 52. Ke2 b5 53. Ke1 a5 54. Ke2 a4 55. Ke3 a3 56. Ke2 a2 57. Ke3 a1Q 58. Ke2 Qd1+ 59. Kf2 Rf5+ 60. Kg3 Qg1+ 61. Kh3 Rh5# 0-1

[Event "LAT-ch (Women)"]
[Site "Riga"]
[Date "2018.04.30"]
[Round "1"]
[White "Dombrovska, Stefanija"]
[Black "Rogule, Laura"]
[Result "0-1"]
[WhiteElo "1632"]
[BlackElo "2358"]
[PlyCount "88"]
[EventDate "2018.04.30"]
[EventType "swiss"]
[EventRounds "7"]
[EventCountry "LAT"]
[SourceTitle "CBM 184 Extra"]
[Source "ChessBase"]
[SourceDate "2018.06.28"]
[SourceVersion "1"]
[SourceVersionDate "2018.06.28"]
[SourceQuality "1"]

1. d4 Nf6 2. c4 e6 3. Nc3 d5 4. Nf3 Nbd7 5. cxd5 exd5 6. e3 Bd6 7. Bd3 c6 8. 0-0 0-0 9. e4 dxe4 10. Nxe4 Nxe4 11. Bxe4 h6 12. Bc2 Re8 13. Qd3 Nf6 14. h3 Ne4 15. Be3 Bf5 16. Qd1 Qf6 17. a3 Rad8 18. Nd2 Bc7 19. Nxe4 Bxe4 20. Bxe4 Rxe4 21. Qf3 Qxf3 22. gxf3 Re6 23. Rad1 Rd5 24. Rfe1 a6 25. Kg2 Rh5 26. Rh1 Rf5 27. f4 Bxf4 28. Bxf4 Rxf4 29. Rd2 Rg6+ 30. Kh2 Rd6 31. Rhd1 Rd5 32. Kg3 g5 33. b4 Rdf5 34. Kg2 Rf3 35. a4 Rb3 36. d5 Rxd5 37. Rxd5 cxd5 38. Rxd5 Rxb4 39. a5 Kg7 40. Kg3 Kg6 41. f3 f5 42. Rc5 f4+ 43. Kg2 Rb2+ 44. Kg1 Kh5 0-1

[Event "Kaunas GP op"]
[Site "Kaunas"]
[Date "2013.09.13"]
[Round "1"]
[White "Dombrovska, Stefanija"]
[Black "Perminaite, Guoda"]
[Result "1/2-1/2"]
[WhiteElo "1680"]
[BlackElo "1416"]
[PlyCount "112"]
[EventDate "2013.09.13"]
[EventType "swiss"]
[EventRounds "5"]
[EventCountry "LTU"]
[SourceTitle "EXT 2024"]
[Source "ChessBase"]
[SourceDate "2023.10.10"]
[SourceVersion "1"]
[SourceVersionDate "2023.10.10"]
[SourceQuality "1"]

1. e4 e5 2. Nf3 Nc6 3. Nc3 Nf6 4. a3 d6 5. h3 Be7 6. Bc4 0-0 7. 0-0 h6 8. Re1 Re8 9. d3 Be6 10. Bxe6 fxe6 11. b4 a6 12. Bb2 Rf8 13. Ne2 b5 14. Ng3 Nd7 15. Rc1 Rc8 16. c4 bxc4 17. Rxc4 Na7 18. Qb3 Nb6 19. Rc2 Qd7 20. Rec1 c6 21. d4 exd4 22. Bxd4 Bd8 23. a4 d5 24. Ne5 Qb7 25. a5 Nd7 26. Nxd7 Qxd7 27. Bxa7 Qxa7 28. exd5 exd5 29. Qe3 Qxe3 30. fxe3 Rf6 31. Ne2 Be7 32. Nd4 Kh7 33. Rxc6 Rcxc6 34. Rxc6 Bxb4 35. Rxf6 gxf6 36. Nc6 Bd2 37. Kf2 Kg6 38. Ke2 Bc3 39. Kd3 Be1 40. Kd4 Bd2 41. Kd3 Be1 42. Nb8 Bxa5 43. Nxa6 Kf5 44. Kd4 Bb6+ 45. Kd3 Ke5 46. Nb4 Kd6 47. Na2 Ke5 48. Nc1 d4 49. e4 f5 50. exf5 Kxf5 51. Ne2 Bc5 52. g4+ Kf6 53. Ng3 Kg5 54. Ne4+ Kh4 55. Nxc5 Kxh3 56. Kxd4 Kxg4 1/2-1/2

[Event "LAT-ch (Women)"]
[Site "Riga"]
[Date "2013.04.18"]
[Round "7"]
[White "Dombrovska, Stefanija"]
[Black "Migunova, Aleksandra"]
[Result "1-0"]
[WhiteElo "1543"]
[BlackElo "1601"]
[PlyCount "91"]
[EventDate "2013.04.13"]
[EventType "swiss"]
[EventRounds "9"]
[EventCountry "LAT"]
[SourceTitle "CBM 154 Extra"]
[Source "ChessBase"]
[SourceDate "2013.06.25"]
[SourceVersion "2"]
[SourceVersionDate "2013.06.25"]
[SourceQuality "1"]

1. e4 e5 2. Nf3 Nc6 3. Bc4 Nf6 4. Nc3 Bc5 5. 0-0 0-0 6. d3 h6 7. Ne2 d6 8. h3 Be6 9. Bxe6 fxe6 10. c3 Bb6 11. b4 a5 12. b5 Ne7 13. Ng3 Ng6 14. Qb3 Qd7 15. d4 a4 16. Qc4 d5 17. exd5 exd5 18. Qe2 e4 19. Nh2 c5 20. bxc6 bxc6 21. Be3 Bc7 22. Nh1 Nh4 23. Ng3 Nf5 24. Nxf5 Qxf5 25. c4 Qe6 26. c5 g5 27. g4 Rfb8 28. Rfb1 Ba5 29. Qc2 Qc8 30. Kg2 Rb5 31. f4 exf3+ 32. Nxf3 Ne4 33. Nd2 Bxd2 34. Bxd2 Qb8 35. Be1 Qf4 36. Rxb5 Rf8 37. Qe2 cxb5 38. Rb1 Re8 39. Qf3 Qb8 40. Qf5 Nd2 41. Qg6+ Kf8 42. Qxh6+ Kf7 43. Qh7+ Kf6 44. Qf5+ Kg7 45. Qxg5+ Kh8 46. Qxd2 1-0

[Event "LAT-ch (Women)"]
[Site "Riga"]
[Date "2013.04.17"]
[Round "6"]
[White "Golubeva, Marija"]
[Black "Dombrovska, Stefanija"]
[Result "1-0"]
[WhiteElo "1787"]
[BlackElo "1543"]
[PlyCount "117"]
[EventDate "2013.04.13"]
[EventType "swiss"]
[EventRounds "9"]
[EventCountry "LAT"]
[SourceTitle "CBM 154 Extra"]
[Source "ChessBase"]
[SourceDate "2013.06.25"]
[SourceVersion "2"]
[SourceVersionDate "2013.06.25"]
[SourceQuality "1"]

1. e4 e5 2. Nf3 d6 3. d4 exd4 4. Nxd4 Nf6 5. Nc3 h6 6. Bf4 Be7 7. Qd2 a6 8. Bd3 b5 9. 0-0 c5 10. Nf5 Bxf5 11. exf5 Nc6 12. Rfe1 0-0 13. Re3 b4 14. Ne4 Nd5 15. Rg3 Nxf4 16. Qxf4 Kh8 17. f6 Bxf6 18. Nxf6 Qxf6 19. Qe4 g6 20. Qxc6 Qxb2 21. Re1 Qf6 22. Bxa6 Rad8 23. Bc4 Kg7 24. Rf3 Qd4 25. Bd5 Rc8 26. Qb7 Rc7 27. Qxc7 Qxd5 28. h3 Qxa2 29. Qxd6 Qxc2 30. Qd3 Qa2 31. Qb3 Qd2 32. Qe3 Qd6 33. Qd3 Qxd3 34. Rxd3 c4 35. Rd4 Rc8 36. Rc1 b3 37. Rdxc4 Rb8 38. Rb1 g5 39. Rc3 b2 40. Rc2 Kg6 41. Rbxb2 Re8 42. Rc6+ f6 43. Rbb6 Rf8 44. Rb7 h5 45. g4 hxg4 46. hxg4 Rd8 47. Rcc7 Rg8 48. Kg2 Kh6 49. Rf7 Kg6 50. Rh7 f5 51. gxf5+ Kxf5 52. Rhg7 Re8 53. Rb5+ Kf6 54. Rgxg5 Re4 55. Rbc5 Ke6 56. Rc6+ Kd7 57. Rh6 Re7 58. f4 Rf7 59. f5 1-0

[Event "LAT-ch (Women)"]
[Site "Riga"]
[Date "2013.04.14"]
[Round "2"]
[White "Parhomenko, Margarita"]
[Black "Dombrovska, Stefanija"]
[Result "1/2-1/2"]
[WhiteElo "1641"]
[BlackElo "1543"]
[PlyCount "119"]
[EventDate "2013.04.13"]
[EventType "swiss"]
[EventRounds "9"]
[EventCountry "LAT"]
[SourceTitle "CBM 154 Extra"]
[Source "ChessBase"]
[SourceDate "2013.06.25"]
[SourceVersion "2"]
[SourceVersionDate "2013.06.25"]
[SourceQuality "1"]

1. b3 e5 2. Bb2 d6 3. e3 Nf6 4. f4 exf4 5. exf4 Be7 6. Nf3 0-0 7. Bd3 Nd5 8. g3 Bf6 9. Nc3 Nxc3 10. Bxc3 Bxc3 11. dxc3 Qf6 12. Qd2 Re8+ 13. Be2 Bg4 14. 0-0-0 Nc6 15. Rde1 h6 16. h3 Bd7 17. g4 Re4 18. f5 Rae8 19. Bd3 Rxe1+ 20. Rxe1 Rxe1+ 21. Qxe1 Ne5 22. Nd4 c5 23. Ne2 Bc6 24. Kb2 b5 25. Nf4 b4 26. Nh5 bxc3+ 27. Qxc3 Nxd3+ 28. cxd3 Qxc3+ 29. Kxc3 Bg2 30. Nf4 Bc6 31. d4 cxd4+ 32. Kxd4 Kf8 33. b4 Ke7 34. Nd5+ Kd7 35. Kc4 a6 36. a4 Kd8 37. b5 axb5+ 38. axb5 Bb7 39. h4 Kd7 40. g5 hxg5 41. hxg5 Kd8 42. Kd4 Bc8 43. f6 gxf6 44. gxf6 Bb7 45. Ne7 Kd7 46. Kc4 Ke6 47. Nc6 Ba8 48. Kd4 d5 49. Kc5 d4 50. Nxd4+ Kxf6 51. Kd6 Kg6 52. Ke5 Bb7 53. Nc6 Kg7 54. Nd8 Bc8 55. Kd6 f5 56. b6 Kf6 57. Ne6 Bb7 58. Nc5 Bg2 59. Nd3 Bb7 60. Nf4 1/2-1/2